| 000 | 01160cam a2200265 a 4500 | ||
|---|---|---|---|
| 005 | 20160418095712.0 | ||
| 008 | 970613s1995 mx ab b f000 0 spa d | ||
| 020 | _a9688173339 | ||
| 040 |
_aFUG _cFUG _dDLC _dCO-BoIAVH |
||
| 041 | 0 | _aspa | |
| 044 | _amx | ||
| 082 | 0 | 0 |
_a333.782 _bR43b |
| 245 | 0 | 0 | _aReservas de la biosfera y otras áreas naturales protegidas de México. |
| 250 | _aPrimera edición | ||
| 260 |
_aMéxico : _bSecretaría de Medio Ambiente, Recursos Naturales y Pesca : _bInstituto Nacional de Ecología : _bComisión Nacional para el Conocimiento y Uso de la Biodiversidad, _c1995. |
||
| 300 |
_a159 páginas : _bilustraciones a color y mapas a color ; _c43 x 28 centímetros |
||
| 500 | _aIncluye índices. | ||
| 504 | _aIncluye referencias bibliográficas. | ||
| 650 | 6 |
_aReservas Naturales _zMéxico. |
|
| 650 | 6 |
_aÁreas protegidas _zMéxico. |
|
| 710 | 1 |
_aMéxico. _b, Secretaría de Medio Ambiente, Recursos Naturales y Pesca. |
|
| 710 | 2 | _aInstituto Nacional de Ecología (México) | |
| 710 | 1 |
_aMéxico. _b, Comisión Nacional para el Conocimiento y Uso de la Biodiversidad. |
|
| 942 |
_2ddc _cLIBRO |
||
| 999 |
_c802 _d802 |
||